000 00849nam a2200277 a 4500
001 63162
003 BD-RjUL
005 20211209081151.0
008 170128s2005 nyu 000 1 eng d
020 _a0811216330 (alk. paper)
035 _a(BD-RjUL)63290
040 _aDLC
_beng
_cDLC
_dBD-RjUL
041 1 _aeng
_hjpn
082 0 0 _a895.635
_222
_bMIK 2005
100 1 _aMiyamoto, Teru.
_9187956
245 1 0 _aAutumn brocade =
_bKinshu /
_cTeru Miyamoto ; translated from the Japanese by Roger K. Thomas.
246 3 1 _aKinshu
260 _aNew York, N.Y. :
_bNew Directions Book,
_c2005.
300 _a196 p. ;
_c19 cm.
650 _aDivorced people
_vFiction.
_9187957
650 _aPowieść japońska
_y21 w.
_9187958
650 _aDivorced people.
_9187959
700 1 _aThomas, Roger K.
_9187960
942 _2ddc
_cBK
999 _c63162
_d63162